<?xml version="1.0" encoding="UTF-8"?>
<record
    xmlns:xsi="http://www.w3.org/2001/XMLSchema-instance"
    xsi:schemaLocation="http://www.loc.gov/MARC21/slim http://www.loc.gov/standards/marcxml/schema/MARC21slim.xsd"
    xmlns="http://www.loc.gov/MARC21/slim">

  <leader>01937    a2200229   4500</leader>
  <controlfield tag="003">Nust</controlfield>
  <controlfield tag="005">20170207153047.0</controlfield>
  <datafield tag="010" ind1=" " ind2=" ">
    <subfield code="a">   89061420</subfield>
  </datafield>
  <datafield tag="020" ind1=" " ind2=" ">
    <subfield code="a">8185749752</subfield>
  </datafield>
  <datafield tag="040" ind1=" " ind2=" ">
    <subfield code="c">Nust</subfield>
  </datafield>
  <datafield tag="082" ind1="0" ind2="0">
    <subfield code="a">621.3815</subfield>
  </datafield>
  <datafield tag="100" ind1="1" ind2=" ">
    <subfield code="a">Gupta .J.B.</subfield>
  </datafield>
  <datafield tag="245" ind1="1" ind2="0">
    <subfield code="a">Electronic devices and circuits</subfield>
    <subfield code="c">J. B Gupta</subfield>
  </datafield>
  <datafield tag="250" ind1=" " ind2=" ">
    <subfield code="a">  </subfield>
  </datafield>
  <datafield tag="260" ind1=" " ind2=" ">
    <subfield code="a">New Delhi :</subfield>
    <subfield code="b"> S.K. Kataria &amp; Sons Pub. Co.,</subfield>
    <subfield code="c">c1990.</subfield>
  </datafield>
  <datafield tag="300" ind1=" " ind2=" ">
    <subfield code="a">xi, 1209p. :</subfield>
    <subfield code="b">ill. ;</subfield>
    <subfield code="c">25 cm.</subfield>
  </datafield>
  <datafield tag="505" ind1=" " ind2=" ">
    <subfield code="a">Introductory Concepts (Page-1)  Electron Emission (Page-41) Electron Tubes (Page-53) Semiconductor Physics (Page-88) Semiconductor Diodes (Page-135) Zeners and Other TWO-Terminal Devices (Page-163) DC Power Supplies (Page-188) Bipolar Junction Transistors (Page-221) Field Effect Transistors (Page-267) Hybrid Parameters (Page-324) Transistor Biasing and Thermal Stabilization (page-342) Signal Stage Transistor Amplifiers (Page-369) Multistage Amplifiers (Page-420) Large Signal or Power Amplifiers (Page-457) Feedback in Amplifiers (Page-494) Thyristors and Unijuntion  Transistors (Page-536) Modulation and Demodulation (Page-595) Optoelectronic Devices (Page-629) Sinusoidal Oscillators (Page-651) Wave shaping Circuits (Page-691) Swathing Circuits (Multivibrators) (Page- 727) Time Base Generators (Page-755) Integrated Circuits (Page-763) Operational Amplifier (Page-777) NON-Sinusoidal Waveform Generations (Page-845) Phase-Locked Loop (page-873) Active Filters (Page-882) Regulated Power Supplies (Page-907) Number System and Codes (page-943) Logic Gates, Boolean Algebra  and Logic Families (Page-970) Introduction to Microprocessor and Microcomputer (Page-1041) Digital Measurements and Instruments (Page-1052) Electronic Instruments (Page-1075) Cathode Ray Oscilloscope (page-1098) Objective Questions With Answer(Page-1120)</subfield>
  </datafield>
  <datafield tag="538" ind1=" " ind2=" ">
    <subfield code="a">Almirah No.34 Shelf No.3</subfield>
  </datafield>
  <datafield tag="600" ind1=" " ind2=" ">
    <subfield code="a">Gupta .J.B</subfield>
  </datafield>
  <datafield tag="650" ind1=" " ind2="0">
    <subfield code="a">Electronic apparatus and appliances.</subfield>
  </datafield>
  <datafield tag="650" ind1=" " ind2="0">
    <subfield code="a">Telecommunication engineering</subfield>
  </datafield>
  <datafield tag="942" ind1=" " ind2=" ">
    <subfield code="2">ddc</subfield>
    <subfield code="c">BK</subfield>
  </datafield>
  <datafield tag="999" ind1=" " ind2=" ">
    <subfield code="c">178599</subfield>
    <subfield code="d">178599</subfield>
  </datafield>
  <datafield tag="952" ind1=" " ind2=" ">
    <subfield code="0">0</subfield>
    <subfield code="1">0</subfield>
    <subfield code="2">ddc</subfield>
    <subfield code="4">0</subfield>
    <subfield code="7">0</subfield>
    <subfield code="8">NFIC</subfield>
    <subfield code="a">MCS</subfield>
    <subfield code="b">MCS</subfield>
    <subfield code="d">2016-12-12</subfield>
    <subfield code="l">0</subfield>
    <subfield code="o">621.3815  GUP</subfield>
    <subfield code="p">MCS32594</subfield>
    <subfield code="r">2016-12-08</subfield>
    <subfield code="w">2016-12-12</subfield>
    <subfield code="y">BK</subfield>
  </datafield>
</record>
